Non-Recognised and Territory World Capitals - Statistics

General Stats
  • This quiz has been taken 623 times
  • The average score is 31 of 60
Answer Stats
Territory Capital % Correct
Scotland Edinburgh
89%
Greenland Nuuk
87%
Hong Kong Hong Kong
85%
Wales Cardiff
83%
Macao Macao
82%
Puerto Rico San Juan
82%
Northern Ireland Belfast
79%
Gibraltar Gibraltar
79%
French Guiana Cayenne
71%
American Samoa Pago Pago
64%
Isle of Man Douglas
62%
Falkland Islands Stanley
62%
Bermuda Hamilton
61%
Aruba Oranjestad
59%
Sint Eustatius Oranjestad
59%
French Polynesia Papeete
59%
Faroe Islands Tórshavn
59%
Svalbard and Jan Mayen Longyearbyen
57%
New Caledonia Nouméa
57%
Guadeloupe Basse-Terre
54%
Christmas Island Flying Fish Cove
52%
Ascension Island Georgetown
52%
Cayman Islands George Town
52%
Jersey Saint Helier
52%
Saint-Pierre and Miquelon Saint-Pierre
52%
Curaçao Willemstad
52%
Turks and Caicos Islands Cockburn Town
51%
Martinique Fort-de-France
51%
Anguilla The Valley
50%
Pitcairn Islands Adamstown
49%
Guam Hagåtña
49%
British Virgin Islands Road Town
49%
Réunion Saint-Denis
49%
Guernsey Saint Peter Port
49%
Niue Alofi
48%
U.S. Virgin Islands Charlotte Amalie
48%
Tristan da Cunha Edinburgh of the Seven Seas
48%
Transnistria Tiraspol
48%
Northern Mariana Islands Saipan
46%
Cook Islands Avarua
44%
Somaliland Hargeisa
43%
Western Sahara Laayoune
43%
Wallis and Futuna Mata Utu
43%
Saint Helena Jamestown
42%
Norfolk Island Kingston
42%
Saba The Bottom
42%
Bonaire Kralendijk
41%
Montserrat Plymouth
41%
British Indian Ocean Territory Diego Garcia
40%
Cocos (Keeling) Islands West Island
39%
Mayotte Mamoudzou
38%
Saint Martin Marigot
38%
Saint Barthélemy Gustavia
36%
Easter Island Hanga Roa
36%
South Georgia and the South Sandwich Islands King Edward Point
36%
Sint Maarten Philipsburg
36%
Åland Islands Mariehamm
31%
Abkhazia Sokhumi
28%
French Southern Territories Port-aux-Francais
27%
South Ossetia Tskhinvali
26%
No matching quizzes found
Score Distribution
Percent of People with Each Score
Percentile by Number Answered
Your Score History
You have not taken this quiz